000 00321nam a2200133Ia 4500
005 20251222141922.0
008 251222s9999||||xx |||||||||||||| ||spa||
082 _a330.985/B25
100 _aBarreto, Emilio G.
245 0 _aCrisis en la Economía Peruana: 1980-1983
250 _a2a.ed.
264 _bBCRP
942 _cLIB
999 _c8761
_d8761